000 00448nam a2200181Ia 4500
008 090123s9999 xx 000 0 und d
082 _b13359
100 _aभावे पु. भा.
245 _aरुप
250 _a2
260 _bमेनका मु.
_c1973
300 _a144
600 _aभावे पु. भा.
630 _aरुप
700 _aभावे पु. भा.
730 _aरुप
942 _cBOOK
999 _c51421
_d51421